Statistics for Speed Typing 15 Words in 15 Seconds

Click here to take the quiz!

General Stats

  • This quiz has been taken 228 times
  • The average score is 12 of 15

Answer Stats

word% Correct
WhileWhile
100%
eighteight
96%
milesmiles
94%
passed,passed,
94%
therethere
92%
werewere
91%
sevenseven
88%
smallsmall
87%
girlsgirls
82%
waitingwaiting
76%
forfor
72%
anotheranother
66%
personperson
58%
toto
56%
come.come.
53%

Score Distribution

Percentile by Number Answered

Percent of People with Each Score

Your Score History

You have not taken this quiz